000 00571nam a2200217Ia 4500
003 OSt
005 20221005050711.0
006 a|||||r|||| 00| 0
007 ta
008 221004b |||||||| |||| 00| 0 eng d
024 _a57108
037 _cTextual
040 _aCRL
_cCRL
_beng
041 _2eng
_aeng
082 _aU8.443653, E3
245 0 _aPunjab District Gazetteers, Volume XXVI B Shahpur District
260 _aLahore
_bPunjab Govt.
_c1913
650 _aGEOGRAPHY
942 _hU8.443653, E3
_cTEXL
_2cc
999 _c957576
_d957576